| 000 | 00000nam##2200000za#4500 |
| 001 | 9.666930 |
| 003 | CaOODSP |
| 005 | 20200401065850 |
| 007 | ta |
| 008 | 150407|2004||||xxc||||| f|0| 0 fre|d |
| 040 | |aCaOODSP|bfre |
| 041 | |aeng |
| 041 | |afre |
| 043 | |an-cn--- |
| 086 | 1 |aSW21-128/2004 |
| 110 | 1 |aCanada. |bCondition féminine Canada. |
| 245 | 10|aMise en pratique de l'ACS : |bétude de cas |
| 246 | 3 |aMise en pratique de l'analyse comparative entre les sexes |
| 260 | |aOttawa - Ontario : |bCondition féminine Canada |c[2004]. |
| 300 | |aTexte français, 1p. ; |c28 cm. |
| 563 | |aFeuilles mobiles |
| 691 | 07|aÉgalité des sexes|2gcpds |
| 691 | 07|aÉlaboration des politiques|2gcpds |
| 776 | 0#|tMise en pratique de l'ACS : |w(CaOODSP)9.632261 |
| 776 | 0#|tApplying GBA : |w(CaOODSP)9.687821 |
| 791 | |tApplying GBA : |eeng|w(CaOODSP)9.666929 |